| 000 | 00598nam a2200181 a 4500 | ||
|---|---|---|---|
| 005 | 20220524063614.0 | ||
| 008 | 991125s1971 mx 000 0 spa u | ||
| 035 | _aUPN01000012444 | ||
| 049 | _aLT | ||
| 050 | 4 |
_aLB1645 M6.2 _bP4.2 |
|
| 100 | 1 |
_aPérez Castillo, Habacuc _928612 |
|
| 245 | 1 | 0 |
_aCuaderno de trabajo de matemáticas : _bsegundo curso / _cHabucuc Pérez Castillo. |
| 260 |
_aMéxico : _bHerrero, _c1971. |
||
| 300 | _a133 p. | ||
| 520 | _a"Para uso de los alumnos de escuelas de educación media" | ||
| 650 | 4 |
_aMatemáticas _xEstudio y enseñanza (Secundaria) _94860 |
|
| 905 | _aLibro | ||
| 999 |
_c12444 _d12444 |
||